| 000 | 01252nab a22002657a 4500 | ||
|---|---|---|---|
| 999 |
_c6446 _d6446 |
||
| 003 | OSt | ||
| 005 | 20260204102122.0 | ||
| 008 | 190429b xxu||||| |||| 00| 0 spa d | ||
| 040 | _cPJ | ||
| 100 |
_aCorvalán, Silvana _97070 |
||
| 245 | 1 | 3 |
_aMujeres privadas de libertad y derechos humanos : _brégimen de visitas. La necesidad de una actualización de la normativa penitenciaria con perspectiva de género y niñez / _cSilvana Corvalán, Pablo Molina. |
| 260 |
_cCiudad Autónoma de Buenos Aires : _aThomson Reuters La Ley, _b2024. |
||
| 300 | _ap. 205-219 | ||
| 500 | _aCita Online: AR/DOC/2690/2023. | ||
| 505 | _aSumario: I. Introducción.— II. El marco normativo provincial.— III. A modo de conclusión. | ||
| 505 | _tSi te interesa el texto completo, solicitalo a koha@justierradelfuego.gov.ar | ||
| 650 | 0 |
_9343 _aDERECHO PENAL |
|
| 650 | 0 |
_92208 _aPENA PRIVATIVA DE LA LIBERTAD |
|
| 650 | 0 |
_94044 _aPERSPECTIVA DE GÉNERO |
|
| 650 | 0 |
_93014 _aSERVICIO PENITENCIARIO FEDERAL |
|
| 650 | 0 |
_9614 _aDERECHOS HUMANOS |
|
| 700 |
_97071 _aMolina, Pablo |
||
| 773 | 0 |
_02658 _93164 _tRevista de derecho penal y criminología. Nº 1 - Febrero 2024 _dCiudad Autónoma de Buenos Aires : Thomson Reuters La Ley, 2017- _x00347914 |
|
| 942 |
_2udc _cANA |
||